000
00285nam a2200121 a 4500
001
4140
005
20140414131902.0
008
090218s19uu xx 00 eng d
050
_a
M 823.914
_b
D11 1984
100
_a
Dahl, Roald
245
_a
Boy :
_b
tales of childhood.
999
_c
110699
_d
110699